00368 2200157 4500001002100000005001500021035002000036245004000056100001400096300001200110260003200122082000800154084001400162020002200176990001200198INLIS00000000000177120250505032552 a0010-05250000631 aCahaya Cinta Pesantren /cIra Madan0 aIra Madan a292 hlm aSolo :bTinta Medina,c2015 a813 a813 IRA c a978-602-257-928-1 a0754596